000 00622nam a2200265Ia 4500
005 20260306163842.0
008 008 260114s9999 xx 000 0 eng d
020 _a9780813043852
037 _aEBOOK
040 _aCRL
040 _beng
040 _cCRL
041 _2eng
041 _aeng
084 _qCRL
100 _aCastro Marino, Reitan
_91129495
245 0 _aFifty Years Of Revolution
260 _bUniversity Press of Florida
260 _c2013
650 _aSocial Work
856 _uhttps://academic.oup.com/book/23342
942 _cEBOOK
999 _c1711747
_d1711747